000 00615nam a2200205Ia 4500
003 IN-BaIIA
008 211028s9999 xx 000 0 eng d
020 _a0-471-30924-9
040 _cIIA Library
080 _a528.7
_bMIK
100 _aMikhail, Edward M
_925737
245 0 _aIntroduction to modern photogrammetry
_cEdward M. Mikhail, James S. Bethel and J. Chris McGlone
260 _aNew York
_bJohn Wiley & Sons
_c2001
300 _aix, 479p.
650 _aDigital photometry
_925738
650 _aPhotometry
_91839
700 _aBethel, James S
_925739
700 _aMcGlone, J Chris
_925740
942 _cBK
999 _c14497
_d14497